000 00435nam a2200157Ia 4500
008 230524s9999 xx 000 0 und d
082 _a621.483
_bARO
100 _aS.C.Arora
245 0 _a"A Course in Power Plant Engineering (SI-Units), 5th Revised & Enlarged ed."
250 _a5
260 _aNew Delhi
_bDhanpat Rai & Co
_c2010
500 _aQuantity Number: 2
650 _aElectrical
700 _aS Domkundwar
942 _cBK
999 _c52334
_d52334